| 000 | 01075cab a22002055a 4500 | ||
|---|---|---|---|
| 001 | L147847 | ||
| 008 | 090624e20090619xxkdo f 000 0 eng d | ||
| 035 | _a(Sirsi) u147847 | ||
| 041 | 0 | _aeng | |
| 100 | 1 | _aHatcher, David | |
| 245 | 0 | 0 |
_aRegional report _bWest London |
| 260 | _c2009 | ||
| 490 | 0 |
_aProperty Week _v75(25) 19 June 2009, 60-66(5) |
|
| 520 | _aProvides an overview of commercial property activity in West London. Reports on Boris Johnson's Outer London Commission's discarding of the idea of a Heathrow super-hub and on the possible enlargement of Shepherds Bush market. Suggests that West London office landlords are under pressure to cut rents in a tenants' market. Describes the planned expansion of Oliver Bonas' gift shop operations within the capital including the eventual spread to major cities outside London. Concludes with a look at the future of the Earls Court exhibition centre after 2012. | ||
| 590 | _aKA | ||
| 651 | 4 | _aLondon | |
| 690 | _aPROPERTY-COMMERCIAL PROPERTY-COMMERCIAL PROPERTY MARKET | ||
| 700 | 1 | _aShah, Aditi | |
| 942 | _n0 | ||
| 999 |
_c81651 _d81651 |
||